=LDR 00000nam 2200000 4500 =001 INLIS000000000016937 =005 20200206052417 =035 ##$$a 0010-061300000016937 =008 200206################g##########0#ind## =041 ##$$a Ind =082 ##$$a 070.49 =090 ##$$a 070.4, Alw f =100 ##$$a Alwi, Andy Mirza =245 1#$$a Foto jurnalistik metode memotret dan mengirim foto ke media massa /$c Andy Mizza Alwi =260 ##$$a Jakarta :$b Bumi Aksara,$c 2004 =300 ##$$a x, 106 hlm, : $b ilus. ; $c 21 x 14 cm. =650 #4$$a Jurnalisme-Foto =850 ##$$a NBPNMAT =020 ##$$a 979-526-871-6 =084 ##$$a 070.49 ALW f =250 ##$$a cet.2 =520 ##$$a Indeks : 103-104 =520 ##$$a Bibliografi: hlm.105 =990 ##$$a 20613733 =990 ##$$a 20613732 =990 ##$$a 20613735 =990 ##$$a 20402680